Ч. 2: Предел. Непрерывность. Производная функции. Приложения производной. Функции нескольких переменных; Высшая математика

Bibliografski detalji
Parent link:Терехина, Л. И.. Высшая математика: учебное пособие/ Л. И. Терехина, И. И. Фикс. Ч. 2: Предел. Непрерывность. Производная функции. Приложения производной. Функции нескольких переменных.— .— Томск: Дельтаплан, 2009
Glavni autor: Терехина Л. И. Людмила Ивановна
Daljnji autori: Фикс И. И. Иван Иванович
Sažetak:Пособие является составной частью комплекта учебных пособий, подготовленных авторами по всему курсу высшей математики для технических ВУЗов, и предназначено для студентов как очной, так и дистанционной формы обучения. Пособие включает в себя четыре главы: предел, непрерывность функции; производная функции; приложения производной; функции нескольких переменных. Каждая глава содержит необходимые теоретические сведения для усвоения основных понятий, а также большое количество методически разобранных примеров и задач, позволяющих студенту уяснить основные понятия данной части курса и приобрести необходимые навыки в решении типовых практических заданий. Решения задач сопровождаются необходимыми иллюстрациями. Наиболее часто используемые формулы сведены в таблицы. Пособие, несомненно, окажет помощь студентам при выполнении ими контрольных работ и индивидуальных заданий по данной части курса высшей математики.
Jezik:ruski
Izdano: 2009
Teme:
Format: Knjiga
KOHA link:https://koha.lib.tpu.ru/cgi-bin/koha/opac-detail.pl?biblionumber=183583

MARC

LEADER 00000nam2a2200000 4500
001 183583
005 20250609155753.0
035 |a (RuTPU)RU\TPU\book\199002 
035 |a RU\TPU\book\157980 
090 |a 183583 
100 |a 20100812d2009 m y0rusy50 ca 
101 0 |a rus 
102 |a RU 
105 |a a j 000zy 
200 0 |a Ч. 2: Предел. Непрерывность. Производная функции. Приложения производной. Функции нескольких переменных 
210 |d 2009 
215 |a 192 с.  |c ил. 
330 |a Пособие является составной частью комплекта учебных пособий, подготовленных авторами по всему курсу высшей математики для технических ВУЗов, и предназначено для студентов как очной, так и дистанционной формы обучения. Пособие включает в себя четыре главы: предел, непрерывность функции; производная функции; приложения производной; функции нескольких переменных. Каждая глава содержит необходимые теоретические сведения для усвоения основных понятий, а также большое количество методически разобранных примеров и задач, позволяющих студенту уяснить основные понятия данной части курса и приобрести необходимые навыки в решении типовых практических заданий. Решения задач сопровождаются необходимыми иллюстрациями. Наиболее часто используемые формулы сведены в таблицы. Пособие, несомненно, окажет помощь студентам при выполнении ими контрольных работ и индивидуальных заданий по данной части курса высшей математики. 
451 1 |0 (RuTPU)RU\TPU\book\130526  |t Ч. 2: Предел. Непрерывность. Производная функции. Приложения производной. Функции нескольких переменных  |d 2006  |p 180 с. 
461 1 |0 183840  |9 183840  |a Терехина, Л. И.  |t Высшая математика  |o учебное пособие  |f Л. И. Терехина, И. И. Фикс  |c Томск  |n Дельтаплан  |d 2009  |v Ч. 2: Предел. Непрерывность. Производная функции. Приложения производной. Функции нескольких переменных 
610 1 |a математика 
610 1 |a функции 
610 1 |a пределы 
610 1 |a непрерывность 
610 1 |a неопределенность 
610 1 |a дифференцирование 
610 1 |a дифференцируемые функции 
610 1 |a теоремы 
610 1 |a правило Лопиталя 
610 1 |a графики 
610 1 |a кривые 
610 1 |a касательная 
610 1 |a нормали 
610 1 |a функции нескольких переменных 
610 1 |a скалярное поле 
610 1 |a учебные пособия 
610 1 |a труды учёных ТПУ 
675 |a 51(075.8)  |v 3 
675 |a 517(075.8)  |v 3 
700 1 |a Терехина  |b Л. И.  |c математик  |c доцент Томского политехнического университета, кандидат физико-математических наук  |f 1954-  |g Людмила Ивановна  |9 12281 
701 1 |a Фикс  |b И. И.  |c математик  |c доцент Томского политехнического университета, кандидат технических наук  |f 1943-  |g Иван Иванович  |9 12282 
801 1 |a RU  |b 63413507  |c 20031219  |g PSBO 
801 2 |a RU  |b 63413507  |c 20230404  |g PSBO 
850 |a 63413507 
942 |c BK